| 000 | 00392nam a2200133Ia 4500 | ||
|---|---|---|---|
| 008 | 210210b1995 xxu||||| |||| 00| 0 eng d | ||
| 082 | _a153.4 REDT | ||
| 100 | _aREDDY (W Brendan) and JAMISON (Kaleel), Eds. | ||
| 245 | _aTeam building: blueprints for productivity and satisfaction. | ||
| 260 |
_aND _bS. Chand & Co. Ltd. _c1995 |
||
| 300 | _axii,202 | ||
| 690 | _aPsychology | ||
| 906 | _a050190 | ||
| 999 |
_c99098 _d99098 |
||